[Event "Krefeld op"]
[Site "Krefeld"]
[Date "2022.08.04"]
[Round "1"]
[White "Gulatz, Maurice"]
[Black "Spelleken, Hans Gerd"]
[Result "1-0"]
[WhiteElo "2213"]
[BlackElo "1664"]
[PlyCount "55"]
[EventDate "2022.08.04"]
[EventType "swiss"]
[EventRounds "9"]
[EventCountry "GER"]
[SourceTitle "CBM 209 Extra"]
[Source "ChessBase"]
[SourceDate "2022.09.30"]
[SourceVersion "1"]
[SourceVersionDate "2022.09.30"]
[SourceQuality "1"]

1. d4 d5 2. c4 c6 3. Nf3 Nf6 4. Nc3 e6 5. Bg5 Be7 6. e3 0-0 7. Qc2 Nbd7 8. Rd1 h6 9. Bh4 Qa5 10. Nd2 Re8 11. Be2 Qd8 12. 0-0 Bd6 13. e4 g5 14. Bg3 Bxg3 15. fxg3 e5 16. exd5 exd4 17. Nce4 Qb6 18. c5 Qd8 19. d6 Kg7 20. Bc4 Nd5 21. Qd3 Ne5 22. Qxd4 f5 23. Nf3 fxe4 24. Nxe5 Nf6 25. d7 Re7 26. Rxf6 Kxf6 27. Nxc6+ Kg6 28. Nxd8 1-0

[Event "Titled Tuesday intern op 24th May Early"]
[Site "Chess.com INT"]
[Date "2022.05.24"]
[Round "2"]
[White "Gulatz, Maurice"]
[Black "Wagner, Dennis"]
[Result "0-1"]
[WhiteElo "2213"]
[BlackElo "2586"]
[PlyCount "50"]
[EventDate "2022.05.24"]
[EventType "swiss (blitz)"]
[EventRounds "11"]
[EventCountry "USA"]
[SourceTitle "EXT 2023"]
[Source "ChessBase"]
[SourceDate "2022.10.05"]
[SourceVersion "1"]
[SourceVersionDate "2022.10.05"]
[SourceQuality "1"]

1. d4 Nf6 2. c4 e6 3. Nf3 d5 4. g3 Bb4+ 5. Nbd2 dxc4 6. Bg2 b5 7. 0-0 a5 8. a4 c6 9. Ne5 Nd5 10. e4 Nf6 11. Nb1 0-0 12. Nc3 Ba6 13. Re1 Qb6 14. Be3 Rd8 15. Qc2 Qb7 16. Rad1 Nbd7 17. Nxd7 Rxd7 18. Bg5 Qb6 19. Bxf6 gxf6 20. d5 Rad8 21. dxe6 fxe6 22. Bh3 Kf7 23. e5 f5 24. Bxf5 Rxd1 25. Qc1 Rxc1 0-1

[Event "Titled Tuesday intern op 15th Feb Early"]
[Site "Chess.com INT"]
[Date "2022.02.15"]
[Round "3"]
[White "De Silva, LMST"]
[Black "Gulatz, Maurice"]
[Result "1-0"]
[WhiteElo "2220"]
[BlackElo "2213"]
[PlyCount "73"]
[EventDate "2022.02.15"]
[EventType "swiss (blitz)"]
[EventRounds "11"]
[EventCountry "USA"]
[SourceTitle "CBM 206 Extra"]
[Source "ChessBase"]
[SourceDate "2022.03.31"]
[SourceVersion "1"]
[SourceVersionDate "2022.03.31"]
[SourceQuality "1"]

1. e4 c6 2. d4 d5 3. Nc3 dxe4 4. Nxe4 Bf5 5. Ng3 Bg6 6. h4 h6 7. Nf3 Nd7 8. h5 Bh7 9. Bd3 Bxd3 10. Qxd3 e6 11. Bd2 Ngf6 12. 0-0-0 Be7 13. Kb1 0-0 14. Ne4 Nxe4 15. Qxe4 Nf6 16. Qe2 Qd5 17. Ne5 Qe4 18. Qxe4 Nxe4 19. Be3 Rad8 20. g4 f5 21. Ng6 Rfe8 22. f3 Nd6 23. Bf4 Bf6 24. Bxd6 Rxd6 25. c3 b6 26. Rde1 Rdd8 27. Re2 Kf7 28. Rhe1 c5 29. dxc5 bxc5 30. Kc2 fxg4 31. fxg4 Rd6 32. Nf4 Bg5 33. Nd3 Rc8 34. Ne5+ Kg8 35. Nc4 Ra6 36. Rxe6 Rxa2 37. Kb3 1-0

[Event "Titled Tuesday intern op 15th Feb Early"]
[Site "Chess.com INT"]
[Date "2022.02.15"]
[Round "8"]
[White "Gulatz, Maurice"]
[Black "Vaishali, Ramesh Babu"]
[Result "0-1"]
[WhiteElo "2213"]
[BlackElo "2403"]
[PlyCount "44"]
[EventDate "2022.02.15"]
[EventType "swiss (blitz)"]
[EventRounds "11"]
[EventCountry "USA"]
[SourceTitle "CBM 206 Extra"]
[Source "ChessBase"]
[SourceDate "2022.03.31"]
[SourceVersion "1"]
[SourceVersionDate "2022.03.31"]
[SourceQuality "1"]

1. d4 Nf6 2. c4 Nc6 3. Nf3 e6 4. a3 g6 5. Nc3 Bg7 6. g3 0-0 7. Bg2 d6 8. 0-0 Re8 9. d5 exd5 10. cxd5 Ne5 11. Nd4 h5 12. h3 h4 13. g4 Nfxg4 14. hxg4 Bxg4 15. Ne4 h3 16. Bh1 Qh4 17. Kh2 Bxe2 18. Qxe2 Ng4+ 19. Kg1 Bxd4 20. Bf3 Rxe4 21. Qxe4 Qg3+ 22. Bg2 Qh2# 0-1

[Event "Muensterland op 38th"]
[Site "Muenster"]
[Date "2021.10.14"]
[Round "8"]
[White "Gulatz, Maurice"]
[Black "Holtel, Jasper"]
[Result "1/2-1/2"]
[WhiteElo "2163"]
[BlackElo "2305"]
[PlyCount "91"]
[EventDate "2021.10.08"]
[EventType "swiss"]
[EventRounds "9"]
[EventCountry "GER"]
[SourceTitle "EXT 2023"]
[Source "ChessBase"]
[SourceDate "2022.10.05"]
[SourceVersion "1"]
[SourceVersionDate "2022.10.05"]
[SourceQuality "1"]

1. d4 Nf6 2. c4 g6 3. Nc3 d5 4. cxd5 Nxd5 5. e4 Nxc3 6. bxc3 Bg7 7. Be3 c5 8. Qd2 Qa5 9. Rc1 0-0 10. Nf3 Bg4 11. Ng5 cxd4 12. cxd4 Qxd2+ 13. Kxd2 Nc6 14. h3 Bc8 15. d5 Rd8 16. Ke1 Na5 17. Bc5 h6 18. Nf3 Bd7 19. Bb4 b6 20. Ba6 Bc8 21. Bd3 Bf8 22. Rc7 Rd7 23. Rc2 Rd8 24. Rc7 Rd7 25. Rxd7 Bxd7 26. Ne5 Rc8 27. Kd2 Be8 28. Ba6 Rd8 29. Ke3 e6 30. Bxf8 Kxf8 31. dxe6 f6 32. Nf3 b5 33. Rc1 Nc4+ 34. Kf4 Rd6 35. Bb7 g5+ 36. Kg3 Rxe6 37. Nd4 Rb6 38. Bd5 Bf7 39. Bxf7 Kxf7 40. Nxb5 Rxb5 41. Rxc4 Kg6 42. Kf3 h5 43. g3 Ra5 44. a4 Ra6 45. Ke3 Rb6 46. Rc7 1/2-1/2

[Event "Karlsruhe Grenke op"]
[Site "Karlsruhe"]
[Date "2019.04.22"]
[Round "9"]
[White "Rahal, Michael"]
[Black "Gulatz, Maurice"]
[Result "1/2-1/2"]
[WhiteElo "2321"]
[BlackElo "2160"]
[PlyCount "82"]
[EventDate "2019.04.18"]
[EventType "swiss"]
[EventRounds "9"]
[EventCountry "GER"]
[SourceTitle "CBM 189 Extra"]
[Source "ChessBase"]
[SourceDate "2019.06.03"]
[SourceVersion "1"]
[SourceVersionDate "2019.06.03"]
[SourceQuality "1"]

1. e4 c5 2. Nf3 d6 3. d4 cxd4 4. Nxd4 Nf6 5. f3 e5 6. Nb3 Be6 7. c4 Nbd7 8. Be3 Rc8 9. Na3 a6 10. Be2 Be7 11. 0-0 0-0 12. Rc1 Ne8 13. Qd2 Kh8 14. Rfd1 Qc7 15. Nc2 f5 16. exf5 Bxf5 17. Nb4 Nef6 18. Nd5 Nxd5 19. cxd5 Qb8 20. Bd3 Bxd3 21. Qxd3 Rxc1 22. Nxc1 Bd8 23. Ne2 Bb6 24. Bxb6 Nxb6 25. Nc3 Qc7 26. Ne4 h6 27. h3 Nc8 28. Kh2 Ne7 29. Qa3 Rd8 30. Rd3 Qd7 31. Qb4 Ng6 32. Rb3 b5 33. Qa5 Rc8 34. Rc3 Rxc3 35. bxc3 Qf5 36. Qd8+ Kh7 37. Qxd6 Qf4+ 38. Kh1 Qc1+ 39. Kh2 Qf4+ 40. Kh1 Qc1+ 41. Kh2 Qf4+ 1/2-1/2

[Event "NRW-ch"]
[Site "Emsdetten"]
[Date "2015.10.18"]
[Round "7"]
[White "Michalczak, Thomas"]
[Black "Gulatz, Maurice"]
[Result "1/2-1/2"]
[WhiteElo "2190"]
[BlackElo "2115"]
[PlyCount "84"]
[EventDate "2015.10.??"]
[EventType "swiss"]
[EventRounds "7"]
[EventCountry "GER"]
[SourceTitle "EXT 2017"]
[Source "ChessBase"]
[SourceDate "2016.10.25"]
[SourceVersion "1"]
[SourceVersionDate "2016.10.25"]
[SourceQuality "1"]

1. e4 c5 2. Nf3 d6 3. d4 cxd4 4. Nxd4 Nf6 5. Nc3 a6 6. Bg5 Nbd7 7. Qe2 h6 8. Bh4 e6 9. 0-0-0 Be7 10. f4 Qa5 11. Kb1 g5 12. fxg5 hxg5 13. Nb3 Qc7 14. Bxg5 b5 15. Qe1 b4 16. Ne2 Nxe4 17. Bxe7 Kxe7 18. Nf4 Bb7 19. Bd3 Ndf6 20. Nd4 Qc5 21. Bxe4 Bxe4 22. Rf1 Rxh2 23. Nfxe6 Qe5 24. Nc7 Ra7 25. Rf5 Bxf5 26. Nc6+ Kf8 27. Nxe5 Rxc7 28. Qxb4 Rxc2 29. Qxd6+ Kg7 30. Ka1 Rhxg2 31. Qe7 Be6 32. Nd3 Rcd2 33. Rf1 Nd5 34. Qa3 Rg3 35. Qxa6 Rdxd3 36. a4 Nb4 37. Qb7 Rd4 38. Qc7 Rdg4 39. Qe5+ Kg8 40. Qb8+ Kg7 41. Qe5+ Kg8 42. Qb8+ Kg7 1/2-1/2

[Event "NRW-ch"]
[Site "Emsdetten"]
[Date "2015.10.13"]
[Round "2"]
[White "Chilla, Jan Eric"]
[Black "Gulatz, Maurice"]
[Result "1-0"]
[WhiteElo "2239"]
[BlackElo "2115"]
[PlyCount "87"]
[EventDate "2015.10.??"]
[EventType "swiss"]
[EventRounds "7"]
[EventCountry "GER"]
[SourceTitle "EXT 2017"]
[Source "ChessBase"]
[SourceDate "2016.10.25"]
[SourceVersion "1"]
[SourceVersionDate "2016.10.25"]
[SourceQuality "1"]

1. Nf3 c5 2. e4 d6 3. d4 cxd4 4. Qxd4 a6 5. c4 e6 6. Nc3 Nf6 7. h3 Be7 8. Be2 0-0 9. 0-0 Qc7 10. b3 Nc6 11. Qe3 Bd7 12. Bb2 Rfd8 13. Rac1 Ne5 14. Nd4 Rac8 15. Rfd1 Qa5 16. Kh1 Ng6 17. a3 Qb6 18. b4 Bf8 19. Nc2 Qc7 20. f4 Qb8 21. g3 h5 22. h4 Bc6 23. Bf3 Ne7 24. Qe2 g6 25. Ne3 Bg7 26. b5 Be8 27. a4 Nd7 28. Rg1 Nc5 29. g4 hxg4 30. Rxg4 Nb3 31. Rcg1 Nd4 32. Qg2 Rc5 33. f5 exf5 34. exf5 Nexf5 35. Ned5 Rxc4 36. Be4 Nh6 37. Ne7+ Kf8 38. Nxg6+ fxg6 39. Rf1+ Ndf5 40. Bxf5 Rxg4 41. Bxg4+ Kg8 42. Be6+ Kh7 43. Nd5 Be5 44. h5 1-0

[Event "NRW U18 op"]
[Site "Olpe"]
[Date "2005.10.04"]
[Round "7.27"]
[White "Gulatz, Maurice"]
[Black "Bruedigam, Jannis"]
[Result "1-0"]
[WhiteElo "1770"]
[BlackElo "1335"]
[PlyCount "77"]
[EventDate "2005.10.01"]
[EventType "swiss"]
[EventRounds "7"]
[EventCountry "GER"]
[SourceTitle "CBM 108 Extra"]
[Source "ChessBase"]
[SourceDate "2005.11.04"]
[SourceVersion "1"]
[SourceVersionDate "2005.11.04"]
[SourceQuality "1"]

1. d4 d5 2. Nf3 Nc6 3. Bf4 Bf5 4. c3 e6 5. e3 a6 6. Bd3 Bg4 7. 0-0 f5 8. Nbd2 Nf6 9. Rc1 Ne4 10. Qc2 Bd6 11. Ne5 Nxe5 12. Bxe5 Bxe5 13. dxe5 c6 14. f3 Nxd2 15. Qxd2 Bh5 16. Qc2 0-0 17. e4 dxe4 18. fxe4 f4 19. Bc4 Qe7 20. Rf2 b5 21. Be2 Bxe2 22. Qxe2 Qc5 23. Qh5 Qe3 24. Rcf1 Qxe4 25. Qg4 Qe3 26. Qxe6+ Rf7 27. Qxc6 Raf8 28. Qxa6 f3 29. g3 Qe2 30. e6 Rf6 31. e7 Re8 32. Qa3 Qe3 33. Qb3+ Rf7 34. Qxb5 Rfxe7 35. Qd5+ Rf7 36. Qd4 Qe6 37. b3 Qh3 38. Qd5 Ree7 39. Rxf3 1-0